000 00475nam a2200193Ia 4500
003 OSt
005 20221007083122.0
006 a|||||r|||| 00| 0
007 ta
008 221006b |||||||| |||| 00| 0 eng d
024 _a22,904
037 _cDissertations
040 _aFLL
_cFLL
_beng
041 _2eng
_aeng
100 _aGupta Ravi Prakash
_9561086
245 0 _aLaw and power group
942 _cDIS
_2CC
999 _c1168871
_d1168871